000 00721nam a2200181 a 4500
001 000042447
005 20201002040149.0
008 131203s1999 sp 000 0 spa d
020 _a8472328066
040 _aDO-SdBNP
_bspa
_cBNPHU
082 _axxxx
_bxxxx
100 1 _aAnchieta, José de,
_d1534-1597.
_969606
245 1 0 _aArte de la gramática de la lengua más usada en la costa del Brasil [Padre Joseph de Anchieta ; estudio de Leogário A. de Azevedo, Hijo].
260 _aMadrid :
_bEdiciones de Cultura Hispánica,
_c1999.
300 _a2 v. ;
_c15 cm.
534 _aReprod. facs. da ed. de: Coimbra : Antonio de Mariz, 1595
700 1 2 _aAzevedo Filho, Leodegário A. de (Leodegário Amarante)
_eed. lit.
_969607
999 _c41936
_d41936